000 00765nam a22002057a 4500
003 0
005 20250116125802.0
008 151127b xxu||||| |||| 00| 0 eng d
050 _aPHS HQ 755.85
_b.M539 2015
100 _aMendoza, Charlotte Allaine X.
245 _aParental involvement and the decision-making of grade 11 students
_cCharlotte Allaine X. Mendoza
260 _aLas PiƱas, Philippines :
_bSouthville International School and Colleges,
_c2015.
300 _aiii, 24 p. :
_bill. ;
_c28 cm.
504 _aIncludes bibliographical references.
650 _aParent and child.
650 _aParental involvement in education.
650 _aDecision-making in adolescence.
650 _aAdolescent development
_vDecision-making.
942 _2lcc
_cPASS
999 _c288993
_d288993